000 00999nam a22002417a 4500
999 _c5766
_d5766
005 20251104105306.0
008 251104b ||||| |||| 00| 0 eng d
020 _a9780763662547
040 _cKH8
082 _a813.6 STE
100 _aSTEIN,PETER
_eAUTHOR
245 _aTOYS GALORE
250 _aFirst Edition
260 _a99 Dover Street Somerville,Massachusetts 02144
_bCandlewick Press
_c2013
300 _a34 pages
_bColour Illustration
_c24 cm x 27 cm
520 _aIf you're game, open up the world's wackiest toy chest, where anything and everything can turn into nonstop, action-packed fun. Once again, Peter Stein's playful verse and Bob Staake's uproarious illustrations come together in an explosion of color and whimsy, while imagination takes center stage as the best toy of all.
650 _aToys, Dolls & Puppets
650 _aImagination & Play
650 _aStories in Verse
655 _aJUVENILE FICTION 
700 _aStaake,Bob
_eIllustrator
942 _2ddc
_cFIC